LEADER 01107nam0-2200397-i-450- 001 990009944670403321 005 20150304145540.0 010 $a978-1-4471-2992-9 035 $a000994467 035 $aFED01000994467 035 $a(Aleph)000994467FED01 035 $a000994467 100 $a20150304d2012----km-y0itay50------ba 101 0 $aeng 102 $aGB 105 $aa---a---001yy 200 1 $aTools for computational finance$fRüdiger U. Seydel 205 $a5. ed. 210 $aLondon$cSpringer$d2012 215 $aXVII, 429 p.$cill.$d24 cm 225 1 $aUniversitext 610 0 $aTeoria dei giochi, scienze economiche, sociali e comportamentali$aesposizione didattica 610 0 $aMetodi computazionali 610 0 $aAnalisi numerica 676 $a330.1543 700 1$aSeydel,$bRüdiger U.$09681 801 0$aIT$bUNINA$gREICAT$2UNIMARC 901 $aBK 912 $a990009944670403321 952 $aC-6-(127-5ED$b675$fMA1 959 $aMA1 962 $a91-01 962 $a91-08 962 $a65-01 996 $aTools for computational finance$9230298 997 $aUNINA LEADER 01268nam0-2200301---450- 001 990002658890203316 035 $a(ALEPH)000265889USA01 100 $a20050916d1983----km-y0itay50------ba 101 0 $aita 102 $aIT 200 1 $aRealizzazione di un sistema per l' acquisizione in tempo reale di dati sismometrici: problemi di interfacciamento hardware/software$fRomano Donato$grelatore Vito Fedullo 210 $aSalerno$d1983 215 $a1v 328 $aTesi di laurea 328 $aUniversità degli studi di Salerno, Facoltà di Scienze Matematiche, Fisiche E Naturali, Corso di studio in Scienze dell'informazione, A.A. 1982/1983 700 1$aROMANO,$bDonato$953/02672$082491 801 0$aIT$bsalbc$gISBD 856 4 $uhttp://biblio-aleph.unisa.it/tesionline/18570.tif$zFrontespizio e/o abstract, indice, bibliografia 909 1$aFEDULLO,$bVito 912 $a990002658890203316 951 $a19839 959 $aTH 969 $aTESI 979 $aBATCH$b01$c20050916$lUSA01$h1738 979 $aBATCH-UPD$b01$c20061206$lUSA01$h0758 979 $aBATCH-UPD$b01$c20140507$lUSA01$h1220 996 $aRealizzazione di un sistema per l' acquisizione in tempo reale di dati sismometrici: problemi di interfacciamento hardware$91003658 997 $aUNISA